LEADER 00583nab a2200145 i 4500 001 000000312455 003 CaOOAMICUS 005 20180831173052.0 008 180831n xx uu u0 0und r 013 $a21547 040 $aSeMil$bita 100 1 $aTredici, Giacinto .$0(OLS)http://semarc/name/17126 245 12$aL?idea di nazionalitā e i suoi diritti secondo i dettami dell?etica cattolica. 773 0 $t[Gennaio-Aprile].$g393-404$w()274196 996 $6245$aL?idea di nazionalitā e i suoi diritti secondo i dettami dell?etica cattolica$9(OLS)http://semarc/title/386873 LEADER 01187nam a2200205 i 4500 001 000000252111 003 CaOOAMICUS 005 20161214000000.0 008 161214s1839 it u000 u ita u 013 $a231016 040 $aSeMil$bita 100 1 $aSerristori, Luigi,$d<1793-1857>.$0(OLS)http://semarc/name/3081 245 10$aStatistica del Regno delle Due Sicilie (Dominj di quā dal faro) :$bopera /$cdel colonnello conte L. Serristori. 260 $aFirenze :$bStamperia granducale,$c1839. 300 $a70 p. ;$c30 cm. 773 0 $aSerristori, Luigi <1793-1857>$tStatistica dell'Italia, contenente le statistiche del regno di Sardegna, del principato di Monaco, dell'isola di Corsica, del ducato di Parma, Modena, e Lucca, della repubblica di San Marino, del granducato di Toscana, degli Stati pontifici, ....$dFirenze : Stamperia granducale, 1839.$g7$w()5420 850 $aSeMil 852 $aSeMil$W1$xVenegono$y1$m3M VI 12/7 FA$j202457$B202457$CSeMilBibl$Z2$F215206 $8I 996 $6245$aStatistica del Regno delle Due Sicilie (Dominj di quā dal faro) :$bopera$9(OLS)http://semarc/title/354307 996 $6260$aFirenze :$bStamperia granducale$9(OLS)http://semarc/publisher/31505 LEADER 01062nam a2200265 i 4500 001 000000122994 003 CaOOAMICUS 005 20181112151405.0 008 040213s1959 it u000 u ita u 013 $a95689 040 $aSeMil$bita 100 1 $aViscardi, Antonio,$d<1900-1972>.$0(OLS)http://semarc/name/3305 245 13$aLe origini della tradizione letteraria italiana /$cAntonio Viscardi. 260 $aRoma :$bStudium,$c1959. 300 $a121 p. ;$c17 cm. 490 0 $aUniversale Studium ;$v64 500 $aContiene : Note bibliografiche. 650 4$aLetteratura italiana - Origini.$0(OLS)http://semarc/subject/8094 830 0$aUniversale Studium ;$v64.$0(OLS)http://semarc/title/6856 850 $aSeMil 852 $aSeMil$W1$xVenegono$y1$m1B I 202$j212327$B77796$CSeMilBibl$Z2$F79969 $81 961 $aRecupero: Biblioteca Seminario Liceale 996 $6245$aLe origini della tradizione letteraria italiana$9(OLS)http://semarc/title/180965 996 $6260$aRoma :$bStudium$9(OLS)http://semarc/publisher/29617